Abstrakcia a kreslenie architektonického priestoru /

Na minha lista:
Detalhes bibliográficos
Main Authors: Antal, Ján, 1934- (Author), Kušnír, Ladislav, 1929- (Author), Slameň, Ivan (Author), Havránková, Blažena (Author)
Formato: Livro
Idioma:eslovaco
Publicado em: Bratislava : ALFA, 1973
Edição:2. vydanie
Assuntos:
Tags: Adicionar Tag
Sem tags, seja o primeiro a adicionar uma tag!

MARC

LEADER 00000nam a22000003a 4500
001 0064943
003 SK-STU
005 20190327111328.8
007 ta
008 180510s ----xo-----e------000-0-----d
040 |a STU  |b slo 
041 0 |a slo 
044 |a xo 
100 1 |a Antal, Ján,  |d 1934-  |4 aut  |X 3457  |7 A000003457 
245 1 0 |a Abstrakcia a kreslenie architektonického priestoru /  |c aut. Ján Antal, Ladislav Kušnír, Ivan Slameň, Blažena Havránková 
250 |a 2. vydanie 
260 |a Bratislava :  |b ALFA,  |c 1973 
300 |a 130 s. 
650 0 7 |a architektonické kreslenie 
650 0 7 |a kresba 
650 0 7 |a abstrakcia 
700 1 |a Kušnír, Ladislav,  |d 1929-  |4 aut  |X 3745  |7 A000003745 
700 1 |a Slameň, Ivan  |4 aut 
700 1 |a Havránková, Blažena  |4 aut 
996 |b 284AU07424  |c A* 10674/U  |l AAKNST  |s P  |a 0  |w 0064943_0001